Agentúra dočasného zamestnávania
Agentúra dočasného zamestnávania a Agentúra podporného zamestnávania a ich úlohy na pracovnom trhu. Povolenia na vykonávanie činnosti týchto agentúr.
Gespeichert in:
| 1. Verfasser: | |
|---|---|
| Format: | Buchkapitel |
| Sprache: | Slowakisch |
| Schlagworte: | |
| Tags: |
Keine Tags, Fügen Sie das erste Tag hinzu!
|
MARC
| LEADER | 00000naa a2200000 4500 | ||
|---|---|---|---|
| 001 | 0163771 | ||
| 005 | 20231120133841.8 | ||
| 041 | 0 | |a slo | |
| 044 | |a SK | ||
| 245 | 1 | 0 | |a Agentúra dočasného zamestnávania |c Tomáš Sninčák |
| 520 | |a Agentúra dočasného zamestnávania a Agentúra podporného zamestnávania a ich úlohy na pracovnom trhu. Povolenia na vykonávanie činnosti týchto agentúr. | ||
| 610 | 2 | 0 | |a zamestnanosť |
| 610 | 2 | 0 | |a zamestnanie |
| 610 | 2 | 0 | |a služby nevýrobné |
| 610 | 2 | 0 | |a agentúry |
| 100 | 1 | |a Sninčák, Tomáš | |